Quizzes
Events
Quiz Creation
Community
Videos
Private Events
Remove Ads
Sign In
Join for FREE
Feedback
Dark Mode
Quiz Categories
Sports
Geography
Music
Movies
Television
Just For Fun
Miscellaneous
History
Literature
Language
Science
Gaming
Entertainment
Religion
Holiday
For Kids
Quiz Lab
Recent
Popular Today
Quiz Kudos Today
Editor Picks
Curator Picks
Quizzes by...
Day
Popularity
Type
Ratings
Length
Year
Community
Subscriptions
Recent Discussions
Orange Saloon
Badges
Playlists
Quests
Create
Leaderboards
Showdown
Live 5
Trivia Bingo
Activity
Puzzle Library
Sporcle Events
Private Events
Virtual Trivia
Globe League
Become a Host
Pub Owners
SporcleCon
Opinionation
Our Games
Videos
Blog
Mobile Apps
Partnerships
Remove Ads and Go Orange
Feedback
Geography
Country
Landmarks
City
State
Population
World
Capital
Continent
Flags
Europe
Africa
Asia
South America
North America
Oceania
Border
Canada
United Kingdom
Topography
United States
Geography
Country
Landmarks
City
State
Population
World
Capital
Continent
Flags
Europe
Africa
Asia
South America
North America
Oceania
Border
Canada
United Kingdom
Topography
United States
Random Quiz
Search Sporcle
×
Quiz Lab
Quiz Lab
Geography
Country
Type in answers that appear in a list
Type in answers that appear in a list
Classic
Best Score? Go Orange.
Lower Middle Income Countries Stats
Can you name the Lower Middle Income Countries?
By
amazingmind
6m
35 Questions
131 Plays
131 Plays
131 Plays
Comments
Comments
Give Quiz Kudos
Give Quiz Kudos
-
- Ratings
hide this ad
Replay
Link that replays current quiz
Next Quiz
Link to next quiz in quiz playlist
You Got
0%
They Got
Avg Score
60%
Avg Friend Score
Upgrade to see
Score Distribution
Jump to the score distribution portion of the page
Score
0/35
Timer
06:00
0
Plays Today
% Correct
India
79.4%
Egypt
78.6%
Pakistan
76.3%
Iraq
75.6%
Iran
74%
Honduras
70.2%
Thailand
70.2%
Bolivia
69.5%
Morocco
69.5%
China
69.5%
Indonesia
68.7%
Nicaragua
67.9%
El Salvador
66.4%
Guatemala
64.9%
Paraguay
63.4%
Tunisia
63.4%
Lebanon
63.4%
Georgia
63.4%
% Correct
Syria
62.6%
Armenia
62.6%
Philippines
60.3%
Ecuador
59.5%
Jordan
58.8%
Ukraine
58.8%
Guyana
57.3%
Uzbekistan
55.7%
Azerbaijan
55%
Mongolia
55%
Nigeria
50.4%
Costa Rica
48.9%
Sudan
45.8%
Albania
45.8%
Bhutan
41.2%
Cameroon
32.8%
Congo
16%
Quiz Playlist
Details
Report
Send in Message
Add To Playlist
Classic:
Type in answers that appear in a list
Quiz Source
Last Updated: Feb 16, 2017
Quiz Scoreboard
CHALLENGE
Sign Up to Join the Scoreboard
Show All
Scores
Hide
Comments
May contain spoilers
Recently Published
Pick 6: Fruits
by JohnFran
Miscellaneous
15s
Click the 1999 NBA Draft
by nibperrychub
Sports
2m
Alphabetical 'K' Countries by Flag Minefield
by ylime102
Geography
3m
More to Explore
Quiz From the Vault
Featured Blog Post
15 Basketball Trivia Facts You Can Be March Mad About
hide this ad
You Might Also Like...
Tags
Country Quiz
income
middle
Today's Top Quizzes in Geography
Browse Geography
hide this ad
Today's Top Quizzes in Country
Browse Country
Top Contributed Quizzes in Geography
1
Countries of the World - No Outlines Minefield
2
Pick 6: Mountains
3
Least Populated Answer: 'G' Countries
4
Alphabetical 'L' Countries By Flag Minefield
5
Lietuvos savivaldybės (Lithuanian Municipalities)
6
Alphabetical 'M' Countries By Flag Minefield
7
Pick 6: National Parks
8
Pick 6: US States
9
African Flag Reveal XXXVI
10
Find the Landmarks A-Z
Explore More
Trending Topics
Disney
Anime
Kpop
Marvel
Harry Potter
NBA
Crossword
Soccer
Puzzle
The Office
NFL
Country
WWE
Song
Pokémon
hide this ad
More By:
amazingmind
Quiz
Plays
Rating
Category
Featured
Created
Nuclear Weapon Possessing Nations
469
2.71
Geography
Oct 12, 2009
Current Territorial Disputes
407
1.75
Geography
May 19, 2010
Lower Middle Income Countries
131
1.00
Geography
May 15, 2010
Language of Origin
128
1.75
Language
May 21, 2010
Go to Creator's Profile
Score Distribution
Quiz Creator Spotlight
amazingmind
Follow
Send a Message
Quizzes Created
-
Created Quiz Play Count
-
More By This Creator
Popular Quizzes Today
1
Countries of Asia Without Outlines Minefield
2
Find the US States - No Outlines Minefield
3
Pick 6: Fruits
4
Alphabetical 'K' Countries by Flag Minefield
5
The Countries of the World
6
Find the US States
7
US States
8
Find the Countries of Europe - No Outlines Minefield
More Geography Quizzes
Four Pictures, One Country
Editor's Pick
Trending Quizzes
Pick 6: Mountains
Pick 6: Harry Potter
Pick 6: Flags
Pick 6: NFL Teams
Pick 6: Movie Franchises
Recently Updated
NWSL Teams
pecheneg
Women's Final Four Teams by Year
bhenderson79
Presidents Quartet II
eogle
Anything But Clue(do)
eogle
Anything But Oceanian Capitals
eogle
Anything But 7
eogle
Anything But Thing
eogle
Word Ladder: February 29
pecheneg
Song Title Questions
pecheneg
Women's NCAA Tournament #1 Seeds
pecheneg
Trending Topics
Marvel
Harry Potter
NBA
Disney
Crossword
Kpop
Anime
Puzzle
Pokémon
NFL
Soccer
WWE
Country
The Office
Song
Your Account Isn't Verified!
In order to create a playlist on Sporcle, you need to verify the email address you used during registration. Go to your
Sporcle Settings
to finish the process.
Report this User
Report this user for behavior that violates our
Community Guidelines
.
Details:
Send Report
Go to the Sporcle.com Mobile Site →
Comments